| 000 | 00914nam a2200265Ia 4500 | ||
|---|---|---|---|
| 003 | OSt | ||
| 005 | 20220923211005.0 | ||
| 006 | a|||||r|||| 00| 0 | ||
| 007 | ta | ||
| 008 | 220922b |||||||| |||| 00| 0 hin d | ||
| 020 |
_a8170165393 (hbk) _c125 |
||
| 024 | _a273,564 | ||
| 037 |
_b23062, 16/08/2013, Kitab Ghar _cTextual |
||
| 040 |
_aARTS _cARTS _bhin |
||
| 041 |
_2hin _ahin |
||
| 082 | _aV2:51wN5, 152Q2 | ||
| 100 |
_aआर्य, जगतराम _9156291 |
||
| 245 | 0 | _aहमारे स्वतंत्रता सेनानी | |
| 246 | _aHamāre svatantratā senānī | ||
| 260 |
_aनई दिल्ली _b किताब घर _c2012 |
||
| 300 |
_a100पृ. _ccm. |
||
| 650 |
_aविश्व-इतिहास _9156903 |
||
| 942 |
_hV2:51wN5, 152Q2 _cTEXL _2CC |
||
| 999 |
_c293598 _d293598 |
||